[Event "AUTO-MASTER-69"]
[Site "http://www.queenalice.com/game.php?id=52744"]
[Date "2006.2.13"]
[Round "2"]
[White "rwc"]
[Black "kapilgain"]
[Result "0-1"]
[WhiteElo "1965"]
[BlackElo "2155"]

1. d4 Nf6 2. c4 g6 3. Nc3 Bg7 4. e4 d6 5. f3 O-O 6. Bg5 c5 7. d5 e6 8. Nge2 exd5
9. Nxd5 Nc6 10. Qd2 Be6 11. Nec3 Nd4 12. Bd3 a6 13. O-O b5 14. cxb5 axb5 15.
Nxb5 Bxd5 16. exd5 c4 17. Nxd4 cxd3 18. Qxd3 Qb6 19. b3 Nxd5 20. Rad1 Nb4 21.
Qe4 d5 22. Qh4 Nc2 23. Kh1 Bxd4 24. Rd2 Rxa2 25. Rc1 Qxb3 0-1

[Event "AUTO-MASTER-69"]
[Site "http://www.queenalice.com/game.php?id=52745"]
[Date "2006.2.13"]
[Round "2"]
[White "kapilgain"]
[Black "rwc"]
[Result "1-0"]
[WhiteElo "2147"]
[BlackElo "1982"]

1. e4 e5 2. f4 exf4 3. Nf3 d5 4. exd5 Nf6 5. c4 c6 6. d4 Bb4+ 7. Nc3 cxd5 8.
Bxf4 O-O 9. Bd3 Re8+ 10. Ne5 Bg4 11. Qd2 Bxc3 12. bxc3 Nfd7 13. O-O Nxe5 14.
Bxe5 dxc4 15. Bxc4 Be6 16. d5 Nc6 17. Bf4 Na5 18. dxe6 Nxc4 19. exf7+ Kxf7 20.
Bc7+ Kg8 21. Qxd8 Raxd8 22. Bxd8 Rxd8 23. Rae1 Nd2 24. Rf4 1-0

[Event "AUTO-OPEN-173"]
[Site "http://www.queenalice.com/game.php?id=54095"]
[Date "2006.2.21"]
[Round "2"]
[White "rwc"]
[Black "misael"]
[Result "1-0"]
[WhiteElo "1837"]
[BlackElo "1910"]

1. d4 Nf6 2. c4 e6 3. Nf3 c5 4. d5 b5 5. Bg5 exd5 6. cxd5 h6 7. Bxf6 Qxf6 8. Qc2
d6 9. e4 a6 10. a4 b4 11. Nbd2 Nd7 12. Bc4 Be7 13. O-O O-O 14. Rac1 Bb7 15. Nb3
Bd8 16. Rfe1 Re8 17. Na5 Bxa5 18. Re3 h5 19. h4 Ne5 20. b3 Nxf3+ 21. Rxf3 Qxh4
22. Re1 Qg4 23. e5 Bc7 24. Rg3 Qf4 25. Re4 1-0

[Event "AUTO-OPEN-173"]
[Site "http://www.queenalice.com/game.php?id=54096"]
[Date "2006.2.21"]
[Round "2"]
[White "misael"]
[Black "rwc"]
[Result "0-1"]
[WhiteElo "1931"]
[BlackElo "1816"]

1. e4 e5 2. Nf3 Nf6 3. Nxe5 d6 4. Nf3 Nxe4 5. d4 d5 6. Bd3 Nc6 7. Nbd2 Nxd2 8.
Bxd2 Be7 9. O-O Bg4 10. c3 O-O 11. Bf4 Qd7 12. Bc2 Rfe8 13. Qd3 g6 14. Rfe1 Bf5
15. Qd2 Bxc2 16. Qxc2 Rad8 17. Qd3 Rc8 18. Rad1 Qg4 19. Bg3 a6 20. Re3 f6 21.
Rde1 Qd7 22. c4 Kh8 23. c5 Kg8 24. Qb3 Na5 25. Qc3 Nc4 0-1

[Event "AUTO-OPEN-173"]
[Site "http://www.queenalice.com/game.php?id=54097"]
[Date "2006.2.21"]
[Round "2"]
[White "rwc"]
[Black "Boeing"]
[Result "1-0"]
[WhiteElo "1910"]
[BlackElo "2005"]

1. d4 e6 2. e4 c5 3. Nf3 cxd4 4. Nxd4 f5 5. exf5 exf5 6. Be2 d5 7. O-O Nc6 8.
Bh5+ g6 9. Bf3 Bg7 10. Re1+ Nge7 11. Nxc6 bxc6 12. Bg5 Bf8 13. c4 h6 14. Bf6 Rh7
15. cxd5 Kf7 16. Qd4 Qa5 17. b4 Qb6 18. dxc6 Qxd4 19. Bxd4 Ba6 20. a4 Bd3 21.
Nc3 Be4 22. Nxe4 fxe4 23. Bxe4 Rc8 24. Rac1 Nf5 25. Bd5# 1-0

[Event "AUTO-OPEN-173"]
[Site "http://www.queenalice.com/game.php?id=54098"]
[Date "2006.2.21"]
[Round "2"]
[White "Boeing"]
[Black "rwc"]
[Result "0-1"]
[WhiteElo "1971"]
[BlackElo "1953"]

1. e4 e5 2. Nf3 Nf6 3. Nxe5 d6 4. Nc4 Nxe4 5. d3 Nf6 6. Be2 Be7 7. O-O O-O 8.
Bg5 d5 9. Ne5 Re8 10. Nc3 d4 11. Na4 Nfd7 12. f4 Bxg5 13. Nxf7 Kxf7 14. fxg5+
Kg8 15. h4 Re3 16. c3 Ne5 17. Qb3+ Kh8 18. cxd4 Rxe2 19. dxe5 Qd4+ 20. Kh1 Qxh4+
21. Kg1 Rxg2+ 22. Kxg2 Bh3+ 23. Kf3 Nc6 24. Qf7 Nxe5+ 25. Ke2 Nxf7 26. Rxf7 Re8+
27. Kd2 Qb4+ 28. Kc2 Re2+ 0-1

[Event "AUTO-OPEN-103"]
[Site "http://www.queenalice.com/game.php?id=58080"]
[Date "2006.3.18"]
[Round "3"]
[White "alib2004"]
[Black "rwc"]
[Result "0-1"]
[WhiteElo "1728"]
[BlackElo "1856"]

1. e4 e5 2. Nf3 Nf6 3. h3 Nxe4 4. Qe2 Nf6 5. Qxe5+ Be7 6. Bc4 Nc6 7. Qe2 d5 8.
Bb3 O-O 9. O-O Bc5 10. d3 Re8 11. Qd1 Na5 12. Nbd2 Bd7 13. c3 Nxb3 14. Nxb3 Bd6
15. Be3 a5 16. a4 b6 17. d4 Ne4 18. Nbd2 Qf6 19. Re1 Bf5 20. Nxe4 dxe4 21. Nd2
Qg6 22. Kf1 Rad8 23. Rc1 Bh2 24. Nc4 Re7 25. g4 Be6 26. Qe2 f5 27. Ne5 Bxe5 28.
dxe5 fxg4 29. h4 g3 30. Bg5 Rf8 31. Bxe7 Bh3+ 0-1

[Event "AUTO-OPEN-103"]
[Site "http://www.queenalice.com/game.php?id=58081"]
[Date "2006.3.18"]
[Round "3"]
[White "rwc"]
[Black "alib2004"]
[Result "1-0"]
[WhiteElo "1867"]
[BlackElo "1752"]

1. e4 c5 2. Nf3 Nc6 3. d4 cxd4 4. Nxd4 e5 5. Nb5 d6 6. c4 a6 7. N5c3 Nf6 8. Be2
Be7 9. O-O O-O 10. Be3 Be6 11. f3 Nd7 12. Nd5 f5 13. Nbc3 f4 14. Nxe7+ Qxe7 15.
Nd5 Qg5 16. Bd2 Bh3 17. Rf2 Nc5 18. b4 Nd7 19. Kh1 Be6 20. Nc7 Rae8 21. Nxe8
Rxe8 22. Bc3 Rf8 23. Qxd6 Rf6 24. Qc7 Rh6 25. Kg1 Nf8 26. Qxb7 Ne7 27. c5 Qh5
28. h3 Qg5 29. Qc7 Rxh3 30. Qxe5 Qg3 31. Qxg7+ Qxg7 32. Bxg7 Kxg7 33. gxh3 Bxh3
34. Bxa6 1-0

[Event "AUTO-OPEN-103"]
[Site "http://www.queenalice.com/game.php?id=58084"]
[Date "2006.3.18"]
[Round "3"]
[White "joaoreis001"]
[Black "rwc"]
[Result "0-1"]
[WhiteElo "1669"]
[BlackElo "1878"]

1. Nf3 d5 2. e3 Nf6 3. Bd3 e6 4. Ne5 Bd6 5. f4 Nbd7 6. O-O Nxe5 7. fxe5 Bxe5 8.
Qf3 O-O 9. e4 dxe4 10. Bxe4 Qd4+ 11. Qe3 Nxe4 12. d3 Qxe3+ 13. Bxe3 Bxb2 14.
dxe4 Bxa1 15. c3 e5 16. Rc1 Rd8 17. Kf1 Rd3 18. Bd2 Bg4 19. h3 Be6 20. a3 Rad8
21. Rd1 Bb2 22. Ke2 Bc4 23. Ke1 Ba2 24. c4 Bxb1 25. a4 Bc2 26. Rc1 Rxd2 27. Rxc2
Rxc2 28. c5 Bc3+ 29. Kf1 Rd1# 0-1

[Event "AUTO-OPEN-103"]
[Site "http://www.queenalice.com/game.php?id=58085"]
[Date "2006.3.18"]
[Round "3"]
[White "rwc"]
[Black "joaoreis001"]
[Result "1-0"]
[WhiteElo "1886"]
[BlackElo "1636"]

1. e4 e5 2. Nf3 f5 3. Nxe5 d6 4. Qh5+ g6 5. Nxg6 Nf6 6. Qh4 Rg8 7. Nxf8 Kxf8 8.
d3 Nc6 9. Bg5 Kf7 10. Nc3 Nd4 11. O-O-O c6 12. f4 b5 13. e5 dxe5 14. fxe5 Qd7
15. exf6 b4 16. Qxh7+ Kf8 17. Bh6+ Rg7 18. Qh8+ Kf7 19. Qxg7+ Ke6 20. Re1+ Kd6
21. Bf4+ Kc5 22. Re5+ Kb6 23. Na4+ Kb7 24. Nc5+ Kc7 25. Re8+ Kb6 26. Nxd7+ Kb5
27. f7 Ne6 28. Qe5+ Ka6 29. Nb8+ Kb7 30. Rxe6 Rxb8 31. Qc7+ Ka6 32. d4+ Rb5 33.
Rxc6# 1-0

[Event "AUTO-OPEN-103"]
[Site "http://www.queenalice.com/game.php?id=58088"]
[Date "2006.3.18"]
[Round "3"]
[White "rwc"]
[Black "tpstar"]
[Result "1-0"]
[WhiteElo "1930"]
[BlackElo "2093"]

1. e4 e5 2. Nf3 Nc6 3. Bb5 a6 4. Ba4 Nf6 5. O-O Nxe4 6. d4 b5 7. Bb3 d5 8. dxe5
Be6 9. c3 Bc5 10. Nbd2 O-O 11. Bc2 Bf5 12. Nb3 Bg6 13. Nfd4 Bxd4 14. cxd4 a5 15.
Be3 a4 16. Nd2 a3 17. Nxe4 Bxe4 18. bxa3 Rxa3 19. Bxe4 dxe4 20. Qc1 Ra6 21. Qc5
b4 22. Qc4 Qa8 23. Rfc1 Re8 24. Qd5 Ne7 25. Qc4 Nd5 26. Re1 Rb8 27. Reb1 Rc6 28.
Qxd5 Rc1+ 29. Rxc1 Qxd5 30. Rxc7 h6 31. h3 Qa8 32. Rc2 Qa3 33. Rac1 Kh7 34. d5
Rd8 35. Rd1 Qa5 36. Rcd2 Kg6 37. g4 h5 38. Kg2 hxg4 39. hxg4 Kh7 40. Kg3 Rxd5
41. Rxd5 Qxa2 42. Rh1+ Kg6 43. Rd6+ f6 44. exf6 gxf6 45. Rh6+ Kg7 46. Rd7+ 1-0

[Event "AUTO-OPEN-103"]
[Site "http://www.queenalice.com/game.php?id=58089"]
[Date "2006.3.18"]
[Round "3"]
[White "tpstar"]
[Black "rwc"]
[Result "1/2-1/2"]
[WhiteElo "2034"]
[BlackElo "1807"]

1. e4 e5 2. Nf3 Nf6 3. d4 d5 4. Nxe5 Nxe4 5. Bd3 Nd7 6. Nxd7 Bxd7 7. O-O Bd6 8.
c4 c6 9. Nc3 O-O 10. cxd5 Nxc3 11. bxc3 cxd5 12. Qh5 g6 13. Qxd5 Qc7 14. Qf3
Qxc3 15. Bh6 Rfe8 16. Qf6 Bf8 17. Bxf8 Rxf8 18. Be4 Bc6 19. Rac1 Qb2 20. Bxc6
bxc6 21. Rxc6 Qxa2 22. Rfc1 Rfe8 23. h4 Qd5 24. R6c5 Qe6 25. Qf3 Qe4 26. Qf6 Qe6
1/2-1/2

[Event "AUTO-MASTER-34"]
[Site "http://www.queenalice.com/game.php?id=58352"]
[Date "2006.3.20"]
[Round "2"]
[White "rwc"]
[Black "capanegra"]
[Result "0-1"]
[WhiteElo "1915"]
[BlackElo "2202"]

1. e4 c5 2. Nf3 a6 3. d4 cxd4 4. Nxd4 Nf6 5. Nc3 e5 6. Nf3 Bb4 7. Bg5 d6 8. Bd3
Bxc3+ 9. bxc3 Nbd7 10. O-O h6 11. Bh4 Nc5 12. Nd2 Be6 13. c4 g5 14. Bg3 Na4 15.
h3 g4 16. hxg4 Nxg4 17. a3 h5 18. Bh2 h4 19. c3 Nc5 20. Nb3 Nxd3 21. Qxd3 h3 22.
gxh3 Nxh2 23. Kxh2 Qf6 24. f4 Bxh3 25. Qxh3 Rxh3+ 26. Kxh3 O-O-O 27. c5 Rg8 28.
fxe5 Qh6# 0-1

[Event "AUTO-MASTER-34"]
[Site "http://www.queenalice.com/game.php?id=58353"]
[Date "2006.3.20"]
[Round "2"]
[White "capanegra"]
[Black "rwc"]
[Result "1-0"]
[WhiteElo "2185"]
[BlackElo "1973"]

1. e4 e5 2. Nf3 Nf6 3. d4 Nxe4 4. Bd3 d5 5. Nxe5 Nd7 6. Nxd7 Bxd7 7. O-O Bd6 8.
c4 c6 9. cxd5 cxd5 10. Qh5 O-O 11. Qxd5 Bc6 12. Qh5 Bc7 13. Be3 Qf6 14. Nc3 g6
15. Qh3 Nxc3 16. bxc3 Rfe8 17. c4 Be4 18. Bb1 Re6 19. Rd1 Rae8 20. Qh6 Bd6 21.
Bxe4 Rxe4 22. Qg5 Qe6 23. Qb5 b6 24. c5 bxc5 25. dxc5 Qe5 26. Qxe8+ Qxe8 27.
cxd6 Qd7 28. Bxa7 f5 29. Rac1 Qxa7 30. d7 Rd4 31. d8=Q+ Rxd8 32. Rxd8+ Kg7 33.
Rc2 1-0

[Event "AUTO-MASTER-34"]
[Site "http://www.queenalice.com/game.php?id=58354"]
[Date "2006.3.20"]
[Round "2"]
[White "rwc"]
[Black "BogusBogart"]
[Result "1-0"]
[WhiteElo "1957"]
[BlackElo "1917"]

1. e4 e5 2. Nf3 Nc6 3. Bb5 Bc5 4. O-O Qf6 5. c3 Nge7 6. d4 exd4 7. Bg5 Qg6 8.
Bxe7 Nxe7 9. cxd4 Bb6 10. Nc3 O-O 11. Ne5 Qd6 12. Ne2 c6 13. Bc4 Ng6 14. Nxg6
Qxg6 15. Bd3 d6 16. e5 Qh6 17. exd6 Qxd6 18. Qc2 h6 19. Rfe1 Be6 20. Bh7+ Kh8
21. Bf5 Rad8 22. Rad1 Rfe8 23. a3 Bd5 24. Qd3 Re7 25. Ng3 Rde8 26. Rxe7 Qxe7 27.
Bg4 g6 28. Bf3 Kg7 29. Bxd5 cxd5 30. Qf3 Qe6 31. b3 h5 32. Nf1 Qe2 33. Qxe2 Rxe2
34. Ne3 Ra2 35. a4 Rb2 36. Nxd5 Bxd4 37. Ne3 Bxe3 38. fxe3 Rxb3 39. Kf2 Rb4 40.
a5 b6 41. axb6 Rxb6 42. Rd7 a6 43. Ra7 Kf6 44. Kg3 Ke6 45. Kf4 f6 46. h4 f5 47.
e4 fxe4 48. Kxe4 Rb4+ 49. Ke3 Ra4 50. Ra8 a5 51. Kf3 Ra1 52. g3 a4 53. Kf4 Ra3
54. Ra6+ Kf7 55. Ra7+ Kf6 56. Ra6+ Kg7 57. g4 hxg4 58. Kxg4 Ra1 59. Kg5 a3 60.
Ra7+ Kf8 61. Kxg6 1-0

[Event "AUTO-MASTER-34"]
[Site "http://www.queenalice.com/game.php?id=58355"]
[Date "2006.3.20"]
[Round "2"]
[White "BogusBogart"]
[Black "rwc"]
[Result "0-1"]
[WhiteElo "2055"]
[BlackElo "1892"]

1. e4 e5 2. Nf3 Nf6 3. Nxe5 d6 4. Nf3 Nxe4 5. Nc3 Nxc3 6. dxc3 Nc6 7. Bf4 Be7 8.
Qd2 Be6 9. O-O-O O-O 10. Kb1 Re8 11. Bd3 Qd7 12. h3 a5 13. g4 a4 14. g5 a3 15.
b3 Bf5 16. Rdg1 Bf8 17. h4 d5 18. Bb5 Be4 19. Rg3 Bd6 20. Rhg1 Bxc2+ 21. Qxc2
Bxf4 22. Rg4 Re4 23. h5 Rae8 24. R4g2 Qh3 25. Qd1 Qxh5 26. Bd3 Qg6 27. Nd2 Bxd2
28. Qxd2 Ne5 29. f3 Nxf3 30. Qf2 Nxg1 31. Rxg1 Re1+ 32. Rxe1 Qxd3+ 33. Kc1 Qxc3+
34. Kd1 Rxe1+ 35. Qxe1 Qxe1+ 36. Kxe1 h5 0-1

[Event "Challenge"]
[Site "http://www.queenalice.com/game.php?id=98625"]
[Date "2006.8.23"]
[Round "-"]
[White "rwc"]
[Black "clara_ca"]
[Result "1-0"]
[WhiteElo "1971"]
[BlackElo "1160"]

1. d4 e6 2. Nf3 c6 3. e4 Bb4+ 4. Bd2 Bd6 5. Bc4 Nf6 6. e5 b5 7. Bd3 Be7 8. exf6
gxf6 9. O-O f5 10. Ne5 Bd6 11. Qh5 O-O 12. Bh6 Re8 13. Qxf7+ Kh8 14. Qg7# 1-0